Normal view
MARC view
- WILLS, J. G
Entry Personal Name
001 - CONTROL NUMBER
- control field: 75350
003 - CONTROL NUMBER IDENTIFIER
- control field: NUST
005 - DATE AND TIME OF LATEST TRANSACTION
- control field: 20210628205409.0
008 - FIXED-LENGTH DATA ELEMENTS
- fixed length control field: 210628|| aca||aabn | a|a d
040 ## - CATALOGING SOURCE
- Original cataloging agency: NUST
- Transcribing agency: NUST
100 ## - HEADING--PERSONAL NAME
- Personal name: WILLS, J. G
670 ## - SOURCE DATA FOUND
- Source citation: Work cat.: (NUST): WILLS, J. G, LUBRICATION FUNDAMENTALS, 1980
